[Event "April 9 Early 2024"]
[Site "Chess.com"]
[Date "2024.04.09"]
[Round "6"]
[White "Domingo Nunez, Alejandro"]
[Black "Zhigalko, Sergei"]
[Result "0-1"]
[Board "37"]
[WhiteFideId "22245561"]
[BlackFideId "13502956"]
[WhiteTitle "FM"]
[BlackTitle "GM"]
[WhiteElo "2601"]
[BlackElo "2867"]
[WhiteTeam "ESP"]
[BlackTeam "BLR"]
[WhiteClock "0:00:00"]
[BlackClock "0:00:12"]
[Variant "Standard"]

1. Nf3 {[%clk 0:03:00]}  d5 {[%clk 0:02:55]} 2. g3 {[%clk 0:03:01]}  c6 {[%clk 0:02:54]} 3. Bg2 {[%clk 0:03:00]}  Bg4 {[%clk 0:02:55]} 4. h3 {[%clk 0:03:00]}  Bh5 {[%clk 0:02:55]} 5. O-O {[%clk 0:03:00]}  e6 {[%clk 0:02:55]} 6. d4 {[%clk 0:03:00]}  Nf6 {[%clk 0:02:55]} 7. c4 {[%clk 0:03:01]}  Be7 {[%clk 0:02:54]} 8. cxd5 {[%clk 0:03:01]}  cxd5 {[%clk 0:02:44]} 9. Ne5 {[%clk 0:03:00]}  Nfd7 {[%clk 0:02:39]} 10. g4 {[%clk 0:02:59]}  Nxe5 {[%clk 0:02:35]} 11. dxe5 {[%clk 0:02:59]}  Bg6 {[%clk 0:02:34]} 12. f4 {[%clk 0:03:00]}  Bxb1 {[%clk 0:02:02]} 13. Rxb1 {[%clk 0:02:59]}  Nc6 {[%clk 0:02:02]} 14. f5 {[%clk 0:02:17]}  O-O {[%clk 0:01:48]} 15. Bf4 {[%clk 0:01:59]}  Bg5 {[%clk 0:01:46]} 16. Bh2 {[%clk 0:01:57]}  Rc8 {[%clk 0:01:37]} 17. a3 {[%clk 0:01:53]}  Qc7 {[%clk 0:01:04]} 18. f6 {[%clk 0:01:32]}  g6 {[%clk 0:00:57]} 19. Rc1 {[%clk 0:01:25]}  Qb6+ {[%clk 0:00:43]} 20. Kh1 {[%clk 0:01:25]}  Qxb2 {[%clk 0:00:43]} 21. Rb1 {[%clk 0:01:25]}  Qxa3 {[%clk 0:00:41]} 22. Rxb7 {[%clk 0:01:24]}  a5 {[%clk 0:00:32]} 23. Qe1 {[%clk 0:00:43]}  Nd4 {[%clk 0:00:26]} 24. h4 {[%clk 0:00:40]}  Rc1 {[%clk 0:00:26]} 25. Qf2 {[%clk 0:00:21]}  Be3 {[%clk 0:00:24]} 26. Qg3 {[%clk 0:00:20]}  Qa1 {[%clk 0:00:15]} 27. Qxe3 {[%clk 0:00:12]}  Rxf1+ {[%clk 0:00:15]} 28. Bg1 {[%clk 0:00:13]}  Nxe2 {[%clk 0:00:12]} 29. Qxe2 {[%clk 0:00:01]}  Rxg1+ {[%clk 0:00:11]} 30. Kh2 {[%clk 0:00:02]}  Re1 {[%clk 0:00:12]} 31. Qd2 {[%clk 0:00:02]}  Qxe5+ {[%clk 0:00:12]} 32. Kh3 {[%clk 0:00:00]}  Re3+ {[%clk 0:00:12]} 0-1

[Event "April 9 Early 2024"]
[Site "Chess.com"]
[Date "2024.04.09"]
[Round "6"]
[White "Galchenko, Matvey"]
[Black "Gokhale Rishabh Chandrashekhar"]
[Result "1-0"]
[Board "38"]
[WhiteFideId "24175480"]
[BlackFideId "35007416"]
[WhiteTitle "IM"]
[WhiteElo "2854"]
[BlackElo "2586"]
[WhiteTeam "FID"]
[BlackTeam "IND"]
[WhiteClock "0:00:09"]
[BlackClock "0:00:13"]
[Variant "Standard"]

1. f4 {[%clk 0:02:59]}  a5 {[%clk 0:02:51]} 2. Nf3 {[%clk 0:02:59]}  a4 {[%clk 0:02:51]} 3. g3 {[%clk 0:02:58]}  g6 {[%clk 0:02:51]} 4. a3 {[%clk 0:02:58]}  Bg7 {[%clk 0:02:52]} 5. Bg2 {[%clk 0:02:58]}  f5 {[%clk 0:02:42]} 6. O-O {[%clk 0:02:58]}  Nf6 {[%clk 0:02:42]} 7. d3 {[%clk 0:02:56]}  O-O {[%clk 0:02:42]} 8. Nc3 {[%clk 0:02:56]}  c6 {[%clk 0:02:24]} 9. e4 {[%clk 0:02:56]}  d6 {[%clk 0:02:10]} 10. Qe2 {[%clk 0:02:54]}  fxe4 {[%clk 0:01:58]} 11. dxe4 {[%clk 0:02:54]}  Kh8 {[%clk 0:01:49]} 12. e5 {[%clk 0:02:52]}  Nd5 {[%clk 0:01:46]} 13. Bd2 {[%clk 0:02:14]}  Bg4 {[%clk 0:01:23]} 14. Rae1 {[%clk 0:01:34]}  dxe5 {[%clk 0:01:14]} 15. fxe5 {[%clk 0:01:34]}  Nd7 {[%clk 0:01:14]} 16. Nxd5 {[%clk 0:01:20]}  cxd5 {[%clk 0:01:13]} 17. e6 {[%clk 0:01:20]}  Ne5 {[%clk 0:01:06]} 18. Bc3 {[%clk 0:01:04]}  d4 {[%clk 0:00:54]} 19. Bb4 {[%clk 0:00:56]}  Ra6 {[%clk 0:00:31]} 20. Qe4 {[%clk 0:00:32]}  Nxf3+ {[%clk 0:00:28]} 21. Bxf3 {[%clk 0:00:31]}  Bxe6 {[%clk 0:00:19]} 22. Qxb7 {[%clk 0:00:28]}  Rb6 {[%clk 0:00:19]} 23. Qxe7 {[%clk 0:00:15]}  Qxe7 {[%clk 0:00:14]} 24. Bxe7 {[%clk 0:00:16]}  Rf7 {[%clk 0:00:12]} 25. Bb4 {[%clk 0:00:14]}  h5 {[%clk 0:00:12]} 26. Be4 {[%clk 0:00:11]}  Rxf1+ {[%clk 0:00:11]} 27. Rxf1 {[%clk 0:00:12]}  d3 {[%clk 0:00:11]} 28. cxd3 {[%clk 0:00:09]}  Bh3 {[%clk 0:00:06]} 29. Bg2 {[%clk 0:00:03]}  Bd4+ {[%clk 0:00:06]} 30. Kh1 {[%clk 0:00:03]}  Bxg2+ {[%clk 0:00:07]} 31. Kxg2 {[%clk 0:00:04]}  Bxb2 {[%clk 0:00:07]} 32. Rb1 {[%clk 0:00:04]}  Bxa3 {[%clk 0:00:07]} 33. Bc3+ {[%clk 0:00:04]}  Kh7 {[%clk 0:00:07]} 34. Rxb6 {[%clk 0:00:04]}  Bc5 {[%clk 0:00:08]} 35. Ra6 {[%clk 0:00:05]}  a3 {[%clk 0:00:08]} 36. d4 {[%clk 0:00:06]}  Be7 {[%clk 0:00:07]} 37. d5 {[%clk 0:00:06]}  Kh6 {[%clk 0:00:08]} 38. Kf3 {[%clk 0:00:06]}  a2 {[%clk 0:00:08]} 39. Rxa2 {[%clk 0:00:06]}  h4 {[%clk 0:00:09]} 40. gxh4 {[%clk 0:00:06]}  g5 {[%clk 0:00:10]} 41. hxg5+ {[%clk 0:00:07]}  Kh5 {[%clk 0:00:10]} 42. d6 {[%clk 0:00:07]}  Bf6 {[%clk 0:00:11]} 43. gxf6 {[%clk 0:00:07]}  Kh4 {[%clk 0:00:12]} 44. Rg2 {[%clk 0:00:07]}  Kh5 {[%clk 0:00:12]} 45. f7 {[%clk 0:00:08]}  Kh4 {[%clk 0:00:13]} 46. f8=Q {[%clk 0:00:08]}  Kh5 {[%clk 0:00:13]} 47. Qh8# {[%clk 0:00:09]} 1-0

[Event "April 9 Early 2024"]
[Site "Chess.com"]
[Date "2024.04.09"]
[Round "6"]
[White "Olhovik, Andrei"]
[Black "Alonso Rosell, Alvar"]
[Result "0-1"]
[Board "40"]
[WhiteFideId "13507397"]
[BlackFideId "2270544"]
[WhiteTitle "FM"]
[BlackTitle "GM"]
[WhiteElo "2580"]
[BlackElo "2843"]
[WhiteTeam "FID"]
[BlackTeam "ESP"]
[WhiteClock "0:00:02"]
[BlackClock "0:00:33"]
[Variant "Standard"]

1. d4 {[%clk 0:03:00]}  Nf6 {[%clk 0:02:54]} 2. c4 {[%clk 0:03:00]}  c5 {[%clk 0:02:54]} 3. d5 {[%clk 0:03:00]}  b5 {[%clk 0:02:54]} 4. cxb5 {[%clk 0:03:01]}  a6 {[%clk 0:02:54]} 5. bxa6 {[%clk 0:03:02]}  g6 {[%clk 0:02:54]} 6. Nc3 {[%clk 0:03:03]}  Bg7 {[%clk 0:02:54]} 7. Nf3 {[%clk 0:03:03]}  O-O {[%clk 0:02:54]} 8. Nd2 {[%clk 0:03:04]}  Bxa6 {[%clk 0:02:53]} 9. e4 {[%clk 0:03:05]}  Bxf1 {[%clk 0:02:46]} 10. Nxf1 {[%clk 0:03:03]}  Qa5 {[%clk 0:02:46]} 11. Bd2 {[%clk 0:03:03]}  d6 {[%clk 0:02:40]} 12. Ne3 {[%clk 0:03:03]}  Qa6 {[%clk 0:02:37]} 13. Qe2 {[%clk 0:03:03]}  Nbd7 {[%clk 0:02:35]} 14. Qxa6 {[%clk 0:03:01]}  Rxa6 {[%clk 0:02:36]} 15. Ke2 {[%clk 0:03:01]}  Nb6 {[%clk 0:02:30]} 16. Kd3 {[%clk 0:02:59]}  Nfd7 {[%clk 0:02:23]} 17. f4 {[%clk 0:02:57]}  c4+ {[%clk 0:02:16]} 18. Kc2 {[%clk 0:02:53]}  Nc5 {[%clk 0:02:17]} 19. e5 {[%clk 0:02:42]}  dxe5 {[%clk 0:02:11]} 20. f5 {[%clk 0:02:42]}  e4 {[%clk 0:02:07]} 21. Rhf1 {[%clk 0:02:41]}  Rfa8 {[%clk 0:02:02]} 22. fxg6 {[%clk 0:02:35]}  hxg6 {[%clk 0:02:02]} 23. h4 {[%clk 0:02:29]}  Nb3 {[%clk 0:01:59]} 24. Rab1 {[%clk 0:02:15]}  Nd4+ {[%clk 0:01:50]} 25. Kd1 {[%clk 0:01:57]}  f5 {[%clk 0:01:50]} 26. g4 {[%clk 0:01:56]}  Rf8 {[%clk 0:01:47]} 27. gxf5 {[%clk 0:01:53]}  gxf5 {[%clk 0:01:48]} 28. Ng2 {[%clk 0:01:39]}  Nf3 {[%clk 0:01:46]} 29. Nf4 {[%clk 0:01:33]}  Bh6 {[%clk 0:01:17]} 30. Rxf3 {[%clk 0:01:23]}  exf3 {[%clk 0:01:17]} 31. Kc2 {[%clk 0:01:24]}  e5 {[%clk 0:01:03]} 32. dxe6 {[%clk 0:01:23]}  Rd8 {[%clk 0:01:03]} 33. Be3 {[%clk 0:01:17]}  Bxf4 {[%clk 0:00:58]} 34. Bxf4 {[%clk 0:01:11]}  Nd5 {[%clk 0:00:58]} 35. Rg1+ {[%clk 0:00:56]}  Kh7 {[%clk 0:00:46]} 36. Nxd5 {[%clk 0:00:47]}  Rxd5 {[%clk 0:00:46]} 37. e7 {[%clk 0:00:47]}  Re6 {[%clk 0:00:45]} 38. Bg5 {[%clk 0:00:42]}  Rd3 {[%clk 0:00:44]} 39. Rf1 {[%clk 0:00:36]}  Kg6 {[%clk 0:00:37]} 40. Rf2 {[%clk 0:00:25]}  Kf7 {[%clk 0:00:36]} 41. Rf1 {[%clk 0:00:16]}  Re2+ {[%clk 0:00:35]} 42. Kc1 {[%clk 0:00:15]}  f2 {[%clk 0:00:34]} 43. h5 {[%clk 0:00:02]}  Re1+ {[%clk 0:00:33]} 0-1

[Event "April 9 Early 2024"]
[Site "Chess.com"]
[Date "2024.04.09"]
[Round "6"]
[White "Onyshchuk, Volodymyr"]
[Black "Afanasieva, Alexandra"]
[Result "1/2-1/2"]
[Board "41"]
[WhiteFideId "14114038"]
[BlackFideId "34126926"]
[WhiteTitle "GM"]
[BlackTitle "WFM"]
[WhiteElo "2831"]
[BlackElo "2560"]
[WhiteTeam "UKR"]
[BlackTeam "RUS"]
[WhiteClock "0:00:09"]
[BlackClock "0:00:13"]
[Variant "Standard"]

1. e4 {[%clk 0:03:00]}  e5 {[%clk 0:02:59]} 2. Nf3 {[%clk 0:03:00]}  Nf6 {[%clk 0:02:59]} 3. Nxe5 {[%clk 0:02:59]}  d6 {[%clk 0:02:59]} 4. Nf3 {[%clk 0:02:59]}  Nxe4 {[%clk 0:02:59]} 5. Qe2 {[%clk 0:03:00]}  Qe7 {[%clk 0:02:59]} 6. d3 {[%clk 0:03:00]}  Nf6 {[%clk 0:03:00]} 7. Bg5 {[%clk 0:03:01]}  Be6 {[%clk 0:02:59]} 8. Nd4 {[%clk 0:02:55]}  Nbd7 {[%clk 0:02:53]} 9. Nc3 {[%clk 0:02:48]}  O-O-O {[%clk 0:02:46]} 10. Nxe6 {[%clk 0:02:48]}  Qxe6 {[%clk 0:02:45]} 11. Qxe6 {[%clk 0:02:46]}  fxe6 {[%clk 0:02:45]} 12. g3 {[%clk 0:02:46]}  h6 {[%clk 0:02:44]} 13. Bd2 {[%clk 0:02:45]}  Ne5 {[%clk 0:02:41]} 14. Bg2 {[%clk 0:02:24]}  g5 {[%clk 0:02:38]} 15. f4 {[%clk 0:02:17]}  gxf4 {[%clk 0:02:37]} 16. Bxf4 {[%clk 0:02:17]}  Ng6 {[%clk 0:02:33]} 17. Bd2 {[%clk 0:02:17]}  Bg7 {[%clk 0:02:32]} 18. O-O-O {[%clk 0:02:17]}  Ng4 {[%clk 0:02:25]} 19. Rdf1 {[%clk 0:02:12]}  Rhf8 {[%clk 0:02:24]} 20. Bh3 {[%clk 0:02:06]}  h5 {[%clk 0:02:24]} 21. Ne4 {[%clk 0:02:05]}  N6e5 {[%clk 0:02:16]} 22. Ng5 {[%clk 0:02:03]}  Kd7 {[%clk 0:02:15]} 23. Bf4 {[%clk 0:01:57]}  Ng6 {[%clk 0:02:08]} 24. Bd2 {[%clk 0:01:51]}  Bh6 {[%clk 0:01:58]} 25. Ne4 {[%clk 0:01:46]}  Bg7 {[%clk 0:01:38]} 26. c3 {[%clk 0:01:45]}  Rde8 {[%clk 0:01:36]} 27. Kc2 {[%clk 0:01:45]}  N6e5 {[%clk 0:01:32]} 28. Ng5 {[%clk 0:01:42]}  Bh6 {[%clk 0:01:28]} 29. d4 {[%clk 0:00:54]}  Bxg5 {[%clk 0:01:22]} 30. Bxg5 {[%clk 0:00:54]}  Nc4 {[%clk 0:01:12]} 31. Bxg4 {[%clk 0:00:49]}  hxg4 {[%clk 0:01:12]} 32. b3 {[%clk 0:00:49]}  Nb6 {[%clk 0:01:10]} 33. c4 {[%clk 0:00:49]}  d5 {[%clk 0:01:05]} 34. c5 {[%clk 0:00:46]}  Nc8 {[%clk 0:01:06]} 35. Rxf8 {[%clk 0:00:41]}  Rxf8 {[%clk 0:01:06]} 36. h3 {[%clk 0:00:42]}  gxh3 {[%clk 0:01:06]} 37. Rxh3 {[%clk 0:00:42]}  Rf2+ {[%clk 0:01:06]} 38. Kd3 {[%clk 0:00:42]}  Rf7 {[%clk 0:01:01]} 39. Rh8 {[%clk 0:00:38]}  Ne7 {[%clk 0:01:01]} 40. Bxe7 {[%clk 0:00:25]}  Rxe7 {[%clk 0:01:00]} 41. Rg8 {[%clk 0:00:23]}  e5 {[%clk 0:00:57]} 42. dxe5 {[%clk 0:00:19]}  Rxe5 {[%clk 0:00:58]} 43. Kd4 {[%clk 0:00:20]}  Re2 {[%clk 0:00:56]} 44. Kxd5 {[%clk 0:00:19]}  Rd2+ {[%clk 0:00:55]} 45. Ke5 {[%clk 0:00:16]}  Rxa2 {[%clk 0:00:53]} 46. g4 {[%clk 0:00:17]}  Rb2 {[%clk 0:00:50]} 47. Kd5 {[%clk 0:00:15]}  Rxb3 {[%clk 0:00:33]} 48. Rg7+ {[%clk 0:00:14]}  Kd8 {[%clk 0:00:33]} 49. g5 {[%clk 0:00:14]}  Rd3+ {[%clk 0:00:28]} 50. Ke6 {[%clk 0:00:14]}  Re3+ {[%clk 0:00:29]} 51. Kf6 {[%clk 0:00:14]}  a5 {[%clk 0:00:28]} 52. g6 {[%clk 0:00:14]}  b5 {[%clk 0:00:24]} 53. c6 {[%clk 0:00:11]}  Rf3+ {[%clk 0:00:24]} 54. Ke6 {[%clk 0:00:09]}  Re3+ {[%clk 0:00:24]} 55. Kf5 {[%clk 0:00:10]}  Rf3+ {[%clk 0:00:17]} 56. Ke4 {[%clk 0:00:08]}  Rf6 {[%clk 0:00:11]} 57. Rd7+ {[%clk 0:00:08]}  Kc8 {[%clk 0:00:11]} 58. g7 {[%clk 0:00:09]}  Rxc6 {[%clk 0:00:12]} 59. g8=Q+ {[%clk 0:00:07]}  Kxd7 {[%clk 0:00:12]} 60. Qd5+ {[%clk 0:00:07]}  Rd6 {[%clk 0:00:12]} 61. Qxb5+ {[%clk 0:00:08]}  Kc8 {[%clk 0:00:10]} 62. Qxa5 {[%clk 0:00:08]}  Rb6 {[%clk 0:00:10]} 63. Kd4 {[%clk 0:00:07]}  Rd6+ {[%clk 0:00:10]} 64. Kc5 {[%clk 0:00:07]}  Rb6 {[%clk 0:00:10]} 65. Qa8+ {[%clk 0:00:07]}  Kd7 {[%clk 0:00:10]} 66. Qg8 {[%clk 0:00:07]}  Rd6 {[%clk 0:00:10]} 67. Qg4+ {[%clk 0:00:06]}  Kd8 {[%clk 0:00:10]} 68. Qg5+ {[%clk 0:00:06]}  Kd7 {[%clk 0:00:10]} 69. Qf5+ {[%clk 0:00:06]}  Kd8 {[%clk 0:00:10]} 70. Qg4 {[%clk 0:00:06]}  Rb6 {[%clk 0:00:10]} 71. Kd5 {[%clk 0:00:05]}  Rd6+ {[%clk 0:00:10]} 72. Ke5 {[%clk 0:00:05]}  Rb6 {[%clk 0:00:11]} 73. Qh3 {[%clk 0:00:06]}  Rd6 {[%clk 0:00:11]} 74. Qh8+ {[%clk 0:00:05]}  Kd7 {[%clk 0:00:11]} 75. Qg7+ {[%clk 0:00:06]}  Kc8 {[%clk 0:00:11]} 76. Qf8+ {[%clk 0:00:05]}  Kb7 {[%clk 0:00:11]} 77. Qf3+ {[%clk 0:00:05]}  Kc8 {[%clk 0:00:11]} 78. Qc3 {[%clk 0:00:05]}  Rb6 {[%clk 0:00:11]} 79. Kd5 {[%clk 0:00:06]}  Rd6+ {[%clk 0:00:12]} 80. Kc5 {[%clk 0:00:06]}  Rb6 {[%clk 0:00:12]} 81. Qf3 {[%clk 0:00:06]}  Rd6 {[%clk 0:00:12]} 82. Qa8+ {[%clk 0:00:06]}  Kd7 {[%clk 0:00:12]} 83. Qf8 {[%clk 0:00:07]}  Rb6 {[%clk 0:00:12]} 84. Qf7+ {[%clk 0:00:07]}  Kc8 {[%clk 0:00:12]} 85. Qe8+ {[%clk 0:00:08]}  Kb7 {[%clk 0:00:12]} 86. Qe4+ {[%clk 0:00:08]}  Kc8 {[%clk 0:00:13]} 87. Qa4 {[%clk 0:00:08]}  Rd6 {[%clk 0:00:13]} 88. Qa8+ {[%clk 0:00:08]}  Kd7 {[%clk 0:00:13]} 89. Qa4+ {[%clk 0:00:09]}  Kc8 {[%clk 0:00:13]} 90. Qa8+ {[%clk 0:00:09]} 1/2-1/2

[Event "April 9 Early 2024"]
[Site "Chess.com"]
[Date "2024.04.09"]
[Round "6"]
[White "Hubbard, Andrew"]
[Black "Hulka, Valentyn"]
[Result "1-0"]
[Board "43"]
[WhiteFideId "2031787"]
[BlackFideId "34107061"]
[WhiteTitle "FM"]
[BlackTitle "FM"]
[WhiteElo "2414"]
[BlackElo "2818"]
[WhiteTeam "USA"]
[BlackTeam "UKR"]
[WhiteClock "0:00:25"]
[BlackClock "0:01:37"]
[Variant "Standard"]

1. d4 {[%clk 0:03:00]}  d5 {[%clk 0:02:59]} 2. c4 {[%clk 0:03:00]}  e6 {[%clk 0:02:59]} 3. Nc3 {[%clk 0:03:00]}  c5 {[%clk 0:03:00]} 4. cxd5 {[%clk 0:02:59]}  cxd4 {[%clk 0:03:01]} 5. Qxd4 {[%clk 0:02:59]}  Nc6 {[%clk 0:02:58]} 6. Qd1 {[%clk 0:02:59]}  exd5 {[%clk 0:02:59]} 7. Nxd5 {[%clk 0:02:51]}  Nf6 {[%clk 0:02:59]} 8. Nxf6+ {[%clk 0:02:37]}  Qxf6 {[%clk 0:03:00]} 9. a3 {[%clk 0:02:37]}  Bf5 {[%clk 0:02:57]} 10. Nf3 {[%clk 0:02:35]}  Bc5 {[%clk 0:02:51]} 11. e3 {[%clk 0:02:27]}  O-O {[%clk 0:02:50]} 12. Be2 {[%clk 0:02:19]}  Rfd8 {[%clk 0:02:48]} 13. Qa4 {[%clk 0:02:19]}  a6 {[%clk 0:02:45]} 14. O-O {[%clk 0:02:17]}  b5 {[%clk 0:02:42]} 15. Qh4 {[%clk 0:02:15]}  Qe6 {[%clk 0:02:38]} 16. Bd2 {[%clk 0:01:53]}  Ne5 {[%clk 0:02:22]} 17. Bc3 {[%clk 0:01:27]}  Ng6 {[%clk 0:02:21]} 18. Qh5 {[%clk 0:01:15]}  Rd5 {[%clk 0:01:50]} 19. Ng5 {[%clk 0:01:10]}  Nf4 {[%clk 0:01:40]} 20. Nxe6 {[%clk 0:00:52]}  Nxh5 {[%clk 0:01:40]} 21. Nxc5 {[%clk 0:00:52]}  Rxc5 {[%clk 0:01:35]} 22. Bxh5 {[%clk 0:00:51]}  Bd3 {[%clk 0:01:36]} 23. Bf3 {[%clk 0:00:50]}  Rac8 {[%clk 0:01:34]} 24. Rfd1 {[%clk 0:00:49]}  Bg6 {[%clk 0:01:35]} 25. Rd6 {[%clk 0:00:47]}  a5 {[%clk 0:01:35]} 26. Rad1 {[%clk 0:00:45]}  h6 {[%clk 0:01:34]} 27. Rd8+ {[%clk 0:00:43]}  Rxd8 {[%clk 0:01:34]} 28. Rxd8+ {[%clk 0:00:42]}  Kh7 {[%clk 0:01:35]} 29. Rd5 {[%clk 0:00:39]}  Rc8 {[%clk 0:01:27]} 30. Rxb5 {[%clk 0:00:38]}  a4 {[%clk 0:01:28]} 31. h3 {[%clk 0:00:37]}  Bc2 {[%clk 0:01:28]} 32. Rb4 {[%clk 0:00:35]}  f5 {[%clk 0:01:28]} 33. Be2 {[%clk 0:00:32]}  Rc7 {[%clk 0:01:28]} 34. Bb5 {[%clk 0:00:32]}  Ra7 {[%clk 0:01:26]} 35. Bc6 {[%clk 0:00:32]}  Kg6 {[%clk 0:01:23]} 36. Rb7 {[%clk 0:00:32]}  Rxb7 {[%clk 0:01:23]} 37. Bxb7 {[%clk 0:00:31]}  Kf7 {[%clk 0:01:24]} 38. Kf1 {[%clk 0:00:31]}  g6 {[%clk 0:01:25]} 39. Ke2 {[%clk 0:00:31]}  Be4 {[%clk 0:01:25]} 40. Bxe4 {[%clk 0:00:30]}  fxe4 {[%clk 0:01:26]} 41. Bd4 {[%clk 0:00:29]}  Ke6 {[%clk 0:01:27]} 42. Kd2 {[%clk 0:00:30]}  Kd5 {[%clk 0:01:28]} 43. Kc3 {[%clk 0:00:30]}  g5 {[%clk 0:01:28]} 44. Kb4 {[%clk 0:00:29]}  h5 {[%clk 0:01:29]} 45. Kxa4 {[%clk 0:00:29]}  g4 {[%clk 0:01:30]} 46. hxg4 {[%clk 0:00:28]}  hxg4 {[%clk 0:01:31]} 47. Kb5 {[%clk 0:00:28]}  Kd6 {[%clk 0:01:32]} 48. a4 {[%clk 0:00:28]}  Kc7 {[%clk 0:01:32]} 49. a5 {[%clk 0:00:28]}  Kd7 {[%clk 0:01:33]} 50. a6 {[%clk 0:00:28]}  g3 {[%clk 0:01:34]} 51. fxg3 {[%clk 0:00:28]}  Kc7 {[%clk 0:01:35]} 52. g4 {[%clk 0:00:28]}  Kd7 {[%clk 0:01:34]} 53. a7 {[%clk 0:00:27]}  Kd6 {[%clk 0:01:33]} 54. a8=Q {[%clk 0:00:27]}  Ke6 {[%clk 0:01:34]} 55. Qxe4+ {[%clk 0:00:27]}  Kf7 {[%clk 0:01:35]} 56. Qf5+ {[%clk 0:00:27]}  Kg8 {[%clk 0:01:35]} 57. Qd7 {[%clk 0:00:25]}  Kf8 {[%clk 0:01:36]} 58. Bf6 {[%clk 0:00:25]}  Kg8 {[%clk 0:01:37]} 59. Qg7# {[%clk 0:00:25]} 1-0

[Event "April 9 Early 2024"]
[Site "Chess.com"]
[Date "2024.04.09"]
[Round "6"]
[White "Urazayev, Arystanbek"]
[Black "Antunez Soler, Luis"]
[Result "1-0"]
[Board "50"]
[WhiteFideId "13709810"]
[BlackFideId "3513335"]
[WhiteTitle "IM"]
[BlackTitle "CM"]
[WhiteElo "2874"]
[BlackElo "2667"]
[WhiteTeam "KAZ"]
[BlackTeam "CUB"]
[WhiteClock "0:01:33"]
[BlackClock "0:00:02"]
[Variant "Standard"]

1. e4 {[%clk 0:02:56]}  e6 {[%clk 0:03:00]} 2. d4 {[%clk 0:02:55]}  d5 {[%clk 0:03:00]} 3. Nc3 {[%clk 0:02:55]}  Nf6 {[%clk 0:03:00]} 4. e5 {[%clk 0:02:56]}  Nfd7 {[%clk 0:03:00]} 5. f4 {[%clk 0:02:57]}  c5 {[%clk 0:03:01]} 6. Nf3 {[%clk 0:02:58]}  Nc6 {[%clk 0:03:02]} 7. Be3 {[%clk 0:02:58]}  a6 {[%clk 0:03:03]} 8. Ne2 {[%clk 0:02:59]}  b5 {[%clk 0:03:03]} 9. c3 {[%clk 0:02:54]}  Qb6 {[%clk 0:03:03]} 10. g3 {[%clk 0:02:48]}  b4 {[%clk 0:03:03]} 11. Bh3 {[%clk 0:02:44]}  g6 {[%clk 0:03:03]} 12. O-O {[%clk 0:02:43]}  a5 {[%clk 0:03:02]} 13. g4 {[%clk 0:02:36]}  Ba6 {[%clk 0:02:09]} 14. f5 {[%clk 0:02:34]}  bxc3 {[%clk 0:02:02]} 15. bxc3 {[%clk 0:02:33]}  cxd4 {[%clk 0:02:01]} 16. cxd4 {[%clk 0:02:34]}  Ndxe5 {[%clk 0:01:57]} 17. Nxe5 {[%clk 0:02:33]}  Nxe5 {[%clk 0:01:56]} 18. fxe6 {[%clk 0:02:34]}  fxe6 {[%clk 0:01:53]} 19. Rb1 {[%clk 0:02:34]}  Qa7 {[%clk 0:01:35]} 20. Rf6 {[%clk 0:02:33]}  Be7 {[%clk 0:01:15]} 21. Rxe6 {[%clk 0:02:27]}  Nf3+ {[%clk 0:01:15]} 22. Kh1 {[%clk 0:02:23]}  O-O {[%clk 0:01:13]} 23. Nf4 {[%clk 0:02:23]}  Ng5 {[%clk 0:00:56]} 24. Rxa6 {[%clk 0:02:11]}  Qxa6 {[%clk 0:00:55]} 25. Bg2 {[%clk 0:02:12]}  Rad8 {[%clk 0:00:28]} 26. Nxd5 {[%clk 0:02:11]}  Qe6 {[%clk 0:00:24]} 27. Rb6 {[%clk 0:01:53]}  Rd6 {[%clk 0:00:17]} 28. Nxe7+ {[%clk 0:01:46]}  Qxe7 {[%clk 0:00:17]} 29. Bxg5 {[%clk 0:01:45]}  Qc7 {[%clk 0:00:11]} 30. Rxd6 {[%clk 0:01:37]}  Qxd6 {[%clk 0:00:12]} 31. Bh4 {[%clk 0:01:35]}  Qf4 {[%clk 0:00:08]} 32. Bg3 {[%clk 0:01:34]}  Qg5 {[%clk 0:00:07]} 33. Be5 {[%clk 0:01:32]}  Rc8 {[%clk 0:00:05]} 34. Bd5+ {[%clk 0:01:31]}  Kf8 {[%clk 0:00:05]} 35. Qf3+ {[%clk 0:01:31]}  Ke8 {[%clk 0:00:04]} 36. Qf7+ {[%clk 0:01:32]}  Kd8 {[%clk 0:00:02]} 37. Bf6+ {[%clk 0:01:33]} 1-0

[Event "April 9 Early 2024"]
[Site "Chess.com"]
[Date "2024.04.09"]
[Round "6"]
[White "Molina, Roberto Junio Brito"]
[Black "Hasangatin, Ramil"]
[Result "1-0"]
[Board "51"]
[WhiteFideId "2109450"]
[BlackFideId "4122160"]
[WhiteTitle "IM"]
[BlackTitle "GM"]
[WhiteElo "2872"]
[BlackElo "2663"]
[WhiteTeam "BRA"]
[BlackTeam "RUS"]
[WhiteClock "0:00:10"]
[BlackClock "0:00:30"]
[Variant "Standard"]

1. d4 {[%clk 0:03:00]}  d6 {[%clk 0:02:59]} 2. e4 {[%clk 0:03:00]}  Nf6 {[%clk 0:02:59]} 3. Nc3 {[%clk 0:02:59]}  e5 {[%clk 0:03:00]} 4. Nf3 {[%clk 0:02:59]}  Nbd7 {[%clk 0:03:00]} 5. Bc4 {[%clk 0:02:58]}  Be7 {[%clk 0:03:00]} 6. O-O {[%clk 0:02:58]}  O-O {[%clk 0:03:01]} 7. Re1 {[%clk 0:02:59]}  c6 {[%clk 0:03:01]} 8. a4 {[%clk 0:02:59]}  exd4 {[%clk 0:03:02]} 9. Nxd4 {[%clk 0:02:58]}  Ne5 {[%clk 0:03:03]} 10. Bf1 {[%clk 0:02:58]}  Re8 {[%clk 0:03:03]} 11. h3 {[%clk 0:02:54]}  Bf8 {[%clk 0:03:04]} 12. f4 {[%clk 0:02:54]}  Ng6 {[%clk 0:03:03]} 13. Qf3 {[%clk 0:02:53]}  Qc7 {[%clk 0:03:02]} 14. g3 {[%clk 0:02:47]}  Bd7 {[%clk 0:03:02]} 15. Be3 {[%clk 0:02:42]}  a6 {[%clk 0:03:02]} 16. a5 {[%clk 0:02:40]}  c5 {[%clk 0:03:03]} 17. Nb3 {[%clk 0:02:36]}  Bc6 {[%clk 0:03:03]} 18. Nd2 {[%clk 0:02:14]}  Nxe4 {[%clk 0:02:57]} 19. Ndxe4 {[%clk 0:02:08]}  f5 {[%clk 0:02:54]} 20. Bc4+ {[%clk 0:02:03]}  Kh8 {[%clk 0:02:53]} 21. Bd5 {[%clk 0:01:09]}  fxe4 {[%clk 0:02:50]} 22. Bxe4 {[%clk 0:01:10]}  Bxe4 {[%clk 0:02:48]} 23. Nxe4 {[%clk 0:01:11]}  Qc6 {[%clk 0:02:48]} 24. Ng5 {[%clk 0:01:06]}  Qxf3 {[%clk 0:02:46]} 25. Nxf3 {[%clk 0:01:07]}  d5 {[%clk 0:02:45]} 26. Bf2 {[%clk 0:00:54]}  d4 {[%clk 0:02:39]} 27. f5 {[%clk 0:00:53]}  Ne7 {[%clk 0:02:37]} 28. g4 {[%clk 0:00:53]}  Nc6 {[%clk 0:02:34]} 29. Ng5 {[%clk 0:00:45]}  Rxe1+ {[%clk 0:02:29]} 30. Bxe1 {[%clk 0:00:45]}  Be7 {[%clk 0:02:14]} 31. Ne6 {[%clk 0:00:44]}  Nd8 {[%clk 0:02:14]} 32. Nc7 {[%clk 0:00:30]}  Rc8 {[%clk 0:02:13]} 33. Nd5 {[%clk 0:00:30]}  Nc6 {[%clk 0:02:11]} 34. Bd2 {[%clk 0:00:27]}  Bd6 {[%clk 0:02:09]} 35. Re1 {[%clk 0:00:24]}  Be5 {[%clk 0:02:03]} 36. Kg2 {[%clk 0:00:19]}  d3 {[%clk 0:01:17]} 37. cxd3 {[%clk 0:00:18]}  Bxb2 {[%clk 0:01:17]} 38. Rb1 {[%clk 0:00:18]}  Rd8 {[%clk 0:01:11]} 39. Nf4 {[%clk 0:00:18]}  Be5 {[%clk 0:01:08]} 40. Rxb7 {[%clk 0:00:18]}  Kg8 {[%clk 0:01:02]} 41. Rb6 {[%clk 0:00:15]}  Bxf4 {[%clk 0:00:58]} 42. Bxf4 {[%clk 0:00:16]}  Nb4 {[%clk 0:00:59]} 43. Be3 {[%clk 0:00:14]}  Nxd3 {[%clk 0:00:47]} 44. Rxa6 {[%clk 0:00:13]}  Rc8 {[%clk 0:00:47]} 45. Rb6 {[%clk 0:00:11]}  c4 {[%clk 0:00:47]} 46. a6 {[%clk 0:00:11]}  c3 {[%clk 0:00:41]} 47. a7 {[%clk 0:00:11]}  c2 {[%clk 0:00:30]} 48. Rb8 {[%clk 0:00:10]} 1-0